| 000 | 00527nam a2200229Ia 4500 | ||
|---|---|---|---|
| 003 | 0100 | ||
| 008 | 130303s9999 xx 000 0 und d | ||
| 020 | _a0819137855 | ||
| 040 | _cARRUPELIB | ||
| 050 | _aB5305.A37 1984 | ||
| 245 | _aAfrican philosophy | ||
| 245 | _ban introduction | ||
| 250 | _a3rd. ed. | ||
| 260 | _aNew York | ||
| 260 | _bUniversity Press of America | ||
| 260 | _C1984 | ||
| 300 | _a317p. | ||
| 300 | _b 23 cm. | ||
| 650 | _aPHILOSOPHY | ||
| 700 | _aWright, Richard A. (ed.) | ||
| 942 | 0 | 0 | _015 |
| 999 |
_c23727 _d23727 |
||